Statistiken für Größte Gemeinden Österreichs an der Landesgrenze

Klicken Sie hier um das Quiz zu spielen!

Allgemein

  • Dieses Quiz wurde 41 mal gespielt
    (25 seit der letzten Aktualisierung)
  • Das Durchschnittsergebnis liegt bei 15 aus 20

Antworten auf der Karte

Die Antworten werden auf der Karte rot bzw. grün angezeigt, abhängig davon wie oft sie richtig erraten wurden.
 

Antwortstatistiken

BundeslandEinwohnerGemeinde% Korrekt
Vorarlberg29.762Bregenz
100%
Vorarlberg33.862Feldkirch
100%
Salzburg154.211Salzburg
100%
Oberösterreich17.228Braunau am Inn
95%
Salzburg21.170Hallein
95%
Tirol19.461Kufstein
95%
Tirol6.772Reutte
95%
Vorarlberg22.918Lustenau
89%
Kärnten6.889Hermagor
84%
Vorarlberg16.560Hohenems
84%
Kärnten7.053Arnoldstein
79%
Salzburg13.213Wals-Siezenheim
79%
Kärnten7.105Ferlach
68%
Salzburg7.334Kuchl
68%
Vorarlberg6.753Altach
63%
Vorarlberg8.046Höchst
53%
Niederösterreich6.725Hainburg an der Donau
47%
Kärnten9.050Finkenstein am Faaker See
37%
Vorarlberg6.450Frastanz
37%
Steiermark6.446Eibiswald
26%

Verteilung der Resultate

Perzentil nach korrekt beantworteten Fragen

Anzahl Personen mit jedem Resultat

Ihre Resultats-Entwicklung

Sie haben dieses Quiz seit der letzten Aktualisierung nicht gespielt